| 000 | 01034nam a22003017a 4500 | ||
|---|---|---|---|
| 001 | 4829 | ||
| 003 | FISKH | ||
| 005 | 20241017104114.0 | ||
| 008 | 241017b cb ||||| |||| 00| 0 eng d | ||
| 020 | _a9780613664813 | ||
| 040 |
_aFISKH _beng _cFISKH _dFISKH |
||
| 050 | _aPZ7.P1755 | ||
| 082 | _a514 | ||
| 100 | _aPalatini, Margie | ||
| 245 |
_aBedhead / _cby Margie Palatini illustrated by Jack E.Davis |
||
| 250 | _aFirst Paperback edition in 2003 | ||
| 260 |
_aNew York : _bAladdin Paperbacks, _c2003. |
||
| 300 |
_a34 pages : _bColor illustrations ; _c29 cm |
||
| 505 | _aN | ||
| 520 | _aAfter many unsuccessful attempts to control his unruly hair one morning, Oliver and his family think that they have solved the problem--until he gets to school and finds that it is school picture day. | ||
| 521 | 8 |
_a530L
_bLexile |
|
| 521 | 8 |
_aN
_bRaz-Plus |
|
| 650 |
_2Sentence fragments _aAlliteration |
||
| 650 |
_2Family _aPicture day |
||
| 700 |
_aE.Davis, Jack _dIllustrator |
||
| 942 |
_2ddc _cBK _n0 |
||
| 999 |
_c4829 _d4829 |
||